|
|
|
|
| LEADER |
01471nam a22003137a 4500 |
| 001 |
36201 |
| 003 |
BD-DhAAL |
| 005 |
20211130113948.0 |
| 008 |
190924r20041998enka|||| b||| 001 0 eng d |
| 999 |
|
|
|c 41405
|d 41405
|
| 020 |
|
|
|a 9780749420871
|
| 040 |
|
|
|a BD-DhAAL
|
| 082 |
|
|
|a 371.260941
|
| 100 |
|
|
|a Freeman, Richard
|d 1943-
|9 35239
|
| 245 |
|
|
|a Planning and implementing assessment /
|c Richard Freeman and Roger Lewis.
|
| 260 |
|
|
|a London :
|b Routledge,
|c 1998 [Reprinted 2002]
|
| 300 |
|
|
|a x, 326 pages :
|b illustrations ;
|c 23 cm.
|
| 500 |
|
|
|a Originally published in print: London: Kogan Page, 1998.
|
| 504 |
|
|
|a Includes bibliographical references and index.
|
| 526 |
|
|
|a BIED
|
| 541 |
|
|
|a Complimentary copy from BIED
|e 36201, 35596
|
| 650 |
|
|
|a Educational evaluation
|z Great Britain
|9 35240
|
| 650 |
|
|
|a Educational tests and measurements
|z Great Britain
|9 35241
|
| 650 |
|
|
|a Social science
|9 37228
|
| 700 |
|
|
|a Lewis, Roger
|9 35242
|
| 852 |
|
|
|a Ayesha Abed Library
|c BIED Collection
|
| 942 |
|
|
|2 ddc
|c BK
|
| 952 |
|
|
|0 0
|1 0
|2 ddc
|4 0
|6 371_260941000000000_FRE
|7 0
|9 66504
|a BRACUL
|b BRACUL
|c GEN
|d 2019-09-24
|e Complimentary copy from BIED
|l 0
|o 371.260941 FRE
|p 3010036201
|r 2019-09-24
|t 1
|w 2019-09-24
|y BK
|x Transferred from BIED to General Stacks
|
| 952 |
|
|
|0 0
|1 0
|2 ddc
|4 0
|6 371_260941000000000_FRE
|7 0
|9 67177
|a BRACUL
|b BRACUL
|c GEN
|d 2019-11-18
|e Complimentary copy from BIED
|l 0
|o 371.260941 FRE
|p 3010035596
|r 2019-11-18
|t 2
|w 2019-11-18
|y BK
|x Transferred from BIED to General Stacks
|